000 01342namaa22003371i 4500
005 20260407124123.0
008 260407b |||||||| |||| 00| 0 eng d
040 _aEG-GICUC
_beng
_cEG-GICUC
_dEG-GICUC
_erda
041 0 _aeng
_beng
_bara
049 _aDeposit
097 _aM.Sc
099 _aCai01.11.18.M.Sc.1994.Me.U
100 0 _aMedhat Ahmed Mohamed
_epreparation.
245 1 0 _aUltrasonogphy of rheumatoid hand /
_cBy Medhat Ahmed Mohamed ; Supervised By Prof. Dr. Kasdy Madwar, Prof. Dr. Aly Heikal.
246 1 5 _aأستخدام الموجات فوق الصوتية فى تشخيص الروماتويد المفصلى لليد
264 0 _c1994.
300 _a120 pages :
_billustrations ;
_c30 cm. +
336 _2rda content
_atext
337 _2rdamedia
_aUnmediated
338 _2rdacarrier
_avolume
502 _aThesis (M.Sc.)-Cairo University, 1994.
504 _aBibliography: pages 108-120
653 0 _ainternal medicine
653 0 _aUltrasonogphy
653 0 _arheumatoid
700 0 _aProf. Dr. Kasdy Madwar
_ethesis advisor.
700 0 _aProf. Dr. Aly Heikal.
_ethesis advisor.
900 _DDepartment of internal medicine
_FFaculty of medicine
_UCairo University
_b1994
_cProf. Dr. Kasdy Madwar
_cProf. Dr. Aly Heikal.
_dProf. Dr. Kasdy Madwar
905 _aNermeen-A
942 _2ddc
_cTH
_e21
_n0
999 _c179269